000 00499nam a2200169 i 4500
001 104170
003 ES-MaACL
005 20230906183530.0
007 t|
008 051124s1977 sp ||||1| spa d
100 1 _aMiguel, Amando de.
_981000
245 1 0 _a40 millones de españoles 40 años después /
_cAmando de Miguel.
250 _a[1ª ed.].
260 _aBarcelona :
_bMundo Actual,
_c1977.
300 _a339 p., 26 lám., 2 map. pleg. ;
_c23 cm.
852 _aES-MaACL
_jF-4973
_bR.100821
999 _c104170
_d104170